Airports in Australia - Statistics

General Stats
  • This quiz has been taken 31 times
  • The average score is 28 of 214
Answer Stats
Answer % Correct
Perth WA
95%
Darwin NT
90%
Melbourne VIC
90%
Sydney NSW
90%
Hobart TAS
86%
Adelaide SA
76%
Gold Coast QLD
76%
Brisbane QLD
71%
Alice Springs NT
67%
Cairns QLD
67%
Launceston TAS
67%
Newcastle NSW
62%
Albury NSW
57%
Broome WA
57%
Canberra ACT
57%
Townsville QLD
57%
Avalon VIC
52%
Mildura VIC
48%
Bendigo VIC
43%
Devonport TAS
43%
Mackay QLD
43%
Mount Isa QLD
43%
Rockhampton QLD
43%
Sunshine Coast QLD
43%
Wagga Wagga NSW
43%
Ayers Rock NT
38%
Broken Hill NSW
38%
Burnie TAS
38%
Essendon VIC
38%
Orange NSW
33%
Port Hedland WA
33%
Wollongong NSW
33%
Bundaberg QLD
29%
Coen QLD
29%
Hamilton Island QLD
29%
Moorabbin VIC
29%
Toowoomba QLD
29%
Albany WA
24%
Coffs Harbour NSW
24%
Coober Pedy SA
24%
Geraldton WA
24%
Hervey Bay QLD
24%
Karratha WA
24%
Mount Gambier SA
24%
Tennant Creek NT
24%
Bankstown NSW
19%
Bunbury WA
19%
Echuca VIC
19%
Gladstone QLD
19%
Lismore NSW
19%
Port Lincoln SA
19%
Whyalla SA
19%
Carnarvon WA
14%
Esperance WA
14%
Gympie QLD
14%
Kalgoorlie Boulder WA
14%
Longreach QLD
14%
Newman WA
14%
Port Augusta SA
14%
Port Macquarie NSW
14%
Port Pirie SA
14%
Proserpine QLD
14%
Roma QLD
14%
Swan Hill VIC
14%
Warrnambool VIC
14%
Wyndham WA
14%
Armidale NSW
10%
Bairnsdale VIC
10%
Birdsville QLD
10%
Charleville QLD
10%
Cooktown QLD
10%
Dalby QLD
10%
Derby WA
10%
Emerald QLD
10%
Fitzroy Crossing WA
10%
Innisfail QLD
10%
King Island TAS
10%
Learmonth WA
10%
Margaret River WA
10%
Maryborough QLD
10%
Merimbula NSW
10%
Monkey Mia WA
10%
Morwell VIC
10%
Mudgee NSW
10%
Richmond QLD
10%
Strahan TAS
10%
Weipa QLD
10%
Busselton WA
5%
Ceduna SA
5%
Cessnock NSW
5%
Flinders Island TAS
5%
Halls Creek WA
5%
Horn Island QLD
5%
Horsham VIC
5%
Kalbarri WA
5%
Karumba QLD
5%
Laverton WA
5%
Maitland NSW
5%
Mount Magnet WA
5%
Paraburdoo WA
5%
Parkes NSW
5%
Portland VIC
5%
Rottnest Island WA
5%
Southport QLD
5%
Wangaratta VIC
5%
West Sale VIC
5%
Argyle WA
0%
Aurukun QLD
0%
Badu Island QLD
0%
Ballera QLD
0%
Ballina Byron NSW
0%
Bamaga QLD
0%
Barcaldine QLD
0%
Barimunya WA
0%
Barrow Island WA
0%
Bathhurst NSW
0%
Bedourie QLD
0%
Benalla VIC
0%
Blackall QLD
0%
Boolgeeda WA
0%
Boulia QLD
0%
Bourke NSW
0%
Brisbane West QLD
0%
Caloundra QLD
0%
Camden NSW
0%
Carosue Dam WA
0%
Chinchilla QLD
0%
Christmas Creek WA
0%
Cloncurry QLD
0%
Cloudbreak Fortescue WA
0%
Cobar NSW
0%
Coconut Island QLD
0%
Collarenebri NSW
0%
Cooma NSW
0%
Coondewanna WA
0%
Corowa NSW
0%
Cunnamulla QLD
0%
Curtin WA
0%
Darnley Island QLD
0%
Doomadgee QLD
0%
Elcho Island NT
0%
Ginbata WA
0%
Gove NT
0%
Grafton Clarence NSW
0%
Griffith NSW
0%
Groote Etlandt NT
0%
Hay NSW
0%
Hughenden QLD
0%
Inverell NSW
0%
Julia Creek QLD
0%
Kalkgurung Daguragu NT
0%
Kalumburu WA
0%
Katherine Tindal NT
0%
Kempsey NSW
0%
Kingscote SA
0%
Kowanyama QLD
0%
Kubin QLD
0%
Kununurra East WA
0%
Lady Elliot Island QLD
0%
Leinster WA
0%
Leonora WA
0%
Lockhart River QLD
0%
Maningrida NT
0%
Manjimup WA
0%
Mareeba QLD
0%
McArthur River NT
0%
Meekathara WA
0%
Middlemount QLD
0%
Miles QLD
0%
Milikapiti NT
0%
Milingimbi NT
0%
Moomba SA
0%
Moranbah QLD
0%
Moree NSW
0%
Mornington Island QLD
0%
Moruya NSW
0%
Mount Keith WA
0%
Mungalalu Truscott WA
0%
Murray Island QLD
0%
Naracoorte SA
0%
Narrabri NSW
0%
Narrandera NSW
0%
Nifty WA
0%
Normanton QLD
0%
Olympic Dam SA
0%
Onslow WA
0%
Palm Island QLD
0%
Pelican Lake NSW
0%
Perth Jandakot WA
0%
Phosphate Hill QLD
0%
Pormpuraaw Edward River QLD
0%
Prominent Hill SA
0%
Quilpie QLD
0%
Ravensthorpe WA
0%
Solomon WA
0%
St George QLD
0%
Taree NSW
0%
Taroom QLD
0%
Telfer WA
0%
Temora NSW
0%
The Granites NT
0%
Tocumwal NSW
0%
Trepell QLD
0%
Walgett NSW
0%
Warraber Island QLD
0%
Wiluna WA
0%
Windarling WA
0%
Windorah QLD
0%
Winton QLD
0%
Woodie Woodie WA
0%
Wudinna SA
0%
Wurrumiyanga Bathurst Island NT
0%
Yam Island QLD
0%
Yorke Island QLD
0%
No matching quizzes found
Score Distribution
Percent of People with Each Score
Percentile by Number Answered
Your Score History
You have not taken this quiz